Types of Christ in the Old Testament (Record no. 7299)

MARC details
000 -LEADER
campo de control de longitud fija 00535ntaaa2200193 4500
003 - IDENTIFICADOR DE NÚMERO DE CONTROL
campo de control 01
005 - FECHA Y HORA DE LA ÚLTIMA TRANSACCIÓN
campo de control 20251027201305.0
008 - DATOS DE LONGITUD FIJA--INFORMACIÓN GENERAL
campo de control de longitud fija 0714s1973 ag 01
040 ## - FUENTE DE CATALOGACIÓN
Centro catalogador/agencia de origen AR-BaBN
Lengua de catalogación spa
Centro/agencia transcriptor AR-BaBN
Normas de descripción aacr
Centro/agencia modificador RIC
082 ## - NÚMERO DE LA CLASIFICACIÓN DECIMAL DEWEY
Número de clasificación 221.6400 T72
100 ## - ENTRADA PRINCIPAL--NOMBRE DE PERSONA
Nombre de persona Trent, Kenneth E.
9 (RLIN) 11085
245 ## - MENCIÓN DEL TÍTULO
Título Types of Christ in the Old Testament
250 ## - MENCION DE EDICION
Mención de edición 1 ed.
260 ## - PUBLICACIÓN, DISTRIBUCIÓN, ETC.
Lugar de publicación, distribución, etc. NY :
Nombre del editor, distribuidor, etc. Exposition Press,
Fecha de publicación, distribución, etc. c1960
300 ## - DESCRIPCIÓN FÍSICA
Extensión 123 p.
500 ## - NOTA GENERAL
Nota general Un acceso conservativo a la tipología de Cristo en el A.T.
650 ## - PUNTO DE ACCESO ADICIONAL DE MATERIA--TÉRMINO DE MATERIA
Término de materia o nombre geográfico como elemento de entrada Tipología Bíblica
9 (RLIN) 11086
942 ## - ELEMENTOS DE ENTRADA SECUNDARIOS (KOHA)
Tipo de ítem Koha Colección General
Holdings
Estatus retirado Estado de pérdida Estado de daño No para préstamo Biblioteca de origen Biblioteca actual Fecha de adquisición Número de inventario Total de préstamos Signatura topográfica completa Código de barras Visto por última vez Precio de reemplazo Tipo de ítem Koha
        Biblioteca Pluis Biblioteca Pluis 27/10/2025 21594   221.6400 T72 21594 27/10/2025 27/10/2025 Colección General